=LDR 00000nam 2200000 4500 =001 INLIS000000000027153 =005 20130612125541 =008 ***********************************Ind** =035 ##$$0010-061300000027153 =041 ##$$a Ind =082 ##$$a 028.5 =090 ##$$a 028.5, Rah k =100 ##$$a Rahimsyah AR, MB =245 ##$$a Kisah nabi Nuh, MB Rahimsyah AR =260 ##$$a [S.a] $b Surabaya =300 ##$$a 16 hlm, ilus, 15 cm =650 ##$$a Bacaan anak-anak =850 ##$$a NBPNMAT =990 ##$$a 13771377 =990 ##$$a 20702699